000
00305nam a2200121Ia 4500
005
20251222155157.0
008
251222s9999||||xx |||||||||||||| ||spa||
082
_a
SIC.37
100
_a
PRADA R, Jose Rafael.
245
0
_a
Psicoterapia y consejerÃa,como ayudarse Ud.
264
_b
No tiene
942
_c
LIB
999
_c
39777
_d
39777